| 000 | 00669nam a2200181Ia 4500 | ||
|---|---|---|---|
| 003 | GCL | ||
| 008 | 140319s9999 xx 000 0 ara d | ||
| 040 |
_aGCL / _cGCL |
||
| 082 | 0 | 4 |
_aم _b013 _bج ك |
| 100 | 1 | _aجمعية المعلمين | |
| 245 | 1 | 0 |
_aالكتاب الذهبى لمدرسة المعلمين العليا : صور لمناسبة مرور خمسين عام على تخرج اول فرقة فيها 1885 - 1935 / _cجمعية المعلمين |
| 300 | _a275 ص | ||
| 490 |
_aماذا اعرف _v0 |
||
| 650 | 0 | 4 | _aالببليوجرافيات |
| 650 | 0 | 4 | _aببليوجرافيات المعلمين |
| 650 | 0 | 4 | _aالمعلمين |
| 942 |
_2ddc _cREF |
||
| 999 |
_c59657 _d59657 |
||